Ευρωπαίοι εκπαιδευτικοί ως κρίσιμοι αποδέκτες της εκπαιδευτικής πολιτικής της ευρωπαϊκής ένωσης : οι κοινωνικές αναπαραστάσεις για τον ρόλο και το έργο τους

Αποθηκεύτηκε σε:
Λεπτομέρειες βιβλιογραφικής εγγραφής
Κύριος συγγραφέας: Καρράς, Κωνσταντίνος Γ.
Μορφή: Βιβλίο
Γλώσσα:Greek
Δημοσίευση: Αθήνα : Ι. Σιδέρης, [2007]
Θέματα:
Ετικέτες: Προσθήκη ετικέτας
Δεν υπάρχουν, Καταχωρήστε ετικέτα πρώτοι!

MARC

LEADER 00000cam a2200000 i 4500
001 1/90073
008 080627s2007 gre d
035 |l 10098539 
040 |a GR-MY-UA  |b gre  |e aacr 
041 0 |a gre 
082 0 |a 371.0094  |2 (22) 
100 1 |a Καρράς, Κωνσταντίνος Γ. 
245 1 0 |a Ευρωπαίοι εκπαιδευτικοί ως κρίσιμοι αποδέκτες της εκπαιδευτικής πολιτικής της ευρωπαϊκής ένωσης :  |b οι κοινωνικές αναπαραστάσεις για τον ρόλο και το έργο τους /  |c Κωνσταντίνος Γ. Καρράς 
260 |a Αθήνα :   |b Ι. Σιδέρης,   |c [2007] 
300 |a 228 σ.;  |c 21 εκ. 
504 |a Περιλαμβάνει βιβλιογραφίες και ευρετήριο 
650 0 0 |a Educators. 
650 0 0 |a Education and state  |z European Union countries. 
650 0 0 |a Politics and education  |z European Union countries. 
852 |a INST  |b RHODES  |e 20080627  |h 371.0094 ΚΑΡ  |p 005400028828  |q 005400028828  |t BK  |y 0 
901 |a BIBL4-2008-2 
909 |a Ρ  |b 150316 
970 |a ΜΙΣΣΟΣ  |b ΣΤΑΥΡΟΣ  |z 2008/06/27